Ballon d'Or Winners - Statistics

General Stats
  • This quiz has been taken 51 times
  • The average score is 8 of 16
Answers on the Grid
Answers color-coded by a green-red scale on the quiz's grid according to % correct below.
Lionel Messi
Cristiano Ronaldo
Cannavaro
Thierry Henry
Neymar Jr
George Weah
Ihor Belanov
Oleh Blokhin
Paolo Maldini
Gianluigi Buffon
Omar Sivori
Ronald Koeman
Ruud Gullit
Diego Maradona
Michel Platini
Johan Cruyff
Marco Van Basten
Garrincha
Mario Kempes
George Best
Robert Lewandowski
Vinicius Júnior
Rodrigo Hernández
Andrés Iniesta
Matthew Le Tissier
Francesco Totti
Ronaldo Nazario
Alexia Putellas
Aitana Bonmatí
Marta Vieira
 
Answer Stats
Answer % Correct
Lionel Messi
81%
Cristiano Ronaldo
78%
Cannavaro
67%
Johan Cruyff
61%
Michel Platini
58%
Ronaldo Nazario
58%
George Weah
56%
Marco Van Basten
50%
Aitana Bonmatí
47%
George Best
44%
Ruud Gullit
44%
Alexia Putellas
39%
Rodrigo Hernández
25%
Ihor Belanov
19%
Omar Sivori
17%
Oleh Blokhin
14%
No matching quizzes found
Score Distribution
Percent of People with Each Score
Percentile by Number Answered
Your Score History
You have not taken this quiz